000 01392nam0a2200385 4500
001 RU\NLR\BIBL_A\010364245
005 20260406145545.0
010 _a978-5-8112-5272-5
_94000
021 _aRU
_b2014-25659
_91594
035 _a(NILC)RuMoRGB-006774470
035 _a(NLR Aleph) 010364245
090 _a9589609
_c9589609
100 _a20140603d2014 |||y0rusy50 ca
101 0 _aeng
102 _aRU
105 _ay z 000ay
200 1 _aThe great Gatsby
_fF. Scott Fitzgerald
_gпредисл., коммент. Е. В. Угаровой
210 _aМосква
_cАйрис-пресс
_d2014
215 _a284, [1] с.
_d16
225 1 _aЧитаем в оригинале
_iEnglish
300 _aВ вып. дан.: Великий Гэтсби / Фрэнсис Скотт Фицджеральд
333 _a18+
517 1 _aВеликий Гэтсби
606 _aАнглийский язык
_jХрестоматии
_9972309
_3RU\NLR\AUTH\6646032
675 _a811.111
686 1 _aШ143.21-93рус91
686 1 _aШ6(7США)61-440.4{Лх1978-50}
700 1 _8eng
_7ba
_aFitzgerald
_bF. S.
_f1896-1940
_gFrancis Scott
_3RU\NLR\AUTH\774723
_9114700
801 0 _aRU
_bRuMoRKP
_c20140407
_gRCR
801 2 _aRU
_bРГБ
_c20140506
_grcr
801 1 _aRU
_bRuMoRKP
_c20140407
_2rusmarc
942 _cBOOK
980 _aNB